| 000 | 00875nam a2200301Ia 4500 | ||
|---|---|---|---|
| 001 | Para_9726 | ||
| 003 | CHAP | ||
| 008 | 220125s1993 xx 000 0 und d | ||
| 010 | _a205273 | ||
| 020 | _a84-7114-421-2 | ||
| 040 | _cCHAP | ||
| 082 | _aPA 338.16 A37 | ||
| 245 |
_aLa agricultura del siglo XXI / _c obra colectiva dirigida y coordinada por J.I. Cubero y M.T. Moreno |
||
| 260 |
_aMadrid : _b Multi - Prensa |
||
| 300 | _a287 p | ||
| 650 |
_aAgricultura _91172 |
||
| 650 |
_aAgricultura _x Aspectos Económicos _x Historia _91254 |
||
| 700 |
_aCubero, J.I. _929983 |
||
| 700 |
_aMoreno, M.T. _978746 |
||
| 700 |
_aWinkelmann, D. L., colaborador _9171278 |
||
| 901 | _aPA 338.16 A37 | ||
| 902 | _aM | ||
| 905 | _a5232201993 an 8000000000 06 | ||
| 910 | _a1993 | ||
| 942 | _cPARA | ||
| 942 |
_cPARA _d1 |
||
| 999 |
_c205273 _d205273 |
||